[Event "Florianopolis op 9th"]
[Site "Florianopolis"]
[Date "2023.01.26"]
[Round "5"]
[White "Oliveira, Tiago Batista"]
[Black "Passos Coutinho, Eduardo"]
[Result "1-0"]
[WhiteElo "2047"]
[BlackElo "1630"]
[PlyCount "67"]
[EventDate "2023.01.23"]
[EventType "swiss"]
[EventRounds "10"]
[EventCountry "BRA"]
[SourceTitle "CBM 212 Extra"]
[Source "ChessBase"]
[SourceDate "2023.03.31"]
[SourceVersion "1"]
[SourceVersionDate "2023.03.31"]
[SourceQuality "1"]

1. d4 Nf6 2. c4 c5 3. d5 b5 4. cxb5 a6 5. bxa6 g6 6. g3 Bg7 7. Bg2 d6 8. Nf3 0-0 9. 0-0 Nxa6 10. Nc3 Bf5 11. Re1 Ne4 12. Bd2 Nb4 13. Nh4 Nxc3 14. bxc3 Nc2 15. Nxf5 Nxe1 16. Nh6+ Bxh6 17. Bxh6 Nxg2 18. Bxf8 Qxf8 19. Kxg2 Qg7 20. Qb3 Qe5 21. Qc4 f5 22. a4 Kf7 23. f3 g5 24. a5 h5 25. a6 g4 26. Ra2 e6 27. Rd2 Qe3 28. dxe6+ Qxe6 29. Qb5 Rd8 30. Qb6 Qe3 31. Ra2 gxf3+ 32. exf3 Rg8 33. a7 h4 34. Qb3+ 1-0

[Event "Recife Tavares Memorial 2nd"]
[Site "Recife"]
[Date "2019.05.12"]
[Round "5"]
[White "Passos Coutinho, Eduardo"]
[Black "Marques, Eudes Pinto"]
[Result "0-1"]
[WhiteElo "1699"]
[BlackElo "1937"]
[PlyCount "116"]
[EventDate "2019.05.10"]
[EventType "swiss"]
[EventRounds "6"]
[EventCountry "BRA"]
[SourceTitle "CBM 190 Extra"]
[Source "ChessBase"]
[SourceDate "2019.07.15"]
[SourceVersion "1"]
[SourceVersionDate "2019.07.15"]
[SourceQuality "1"]

1. d4 Nf6 2. Bf4 d5 3. e3 e6 4. Nd2 Bd6 5. Bg3 Qe7 6. c3 Nbd7 7. Ngf3 c6 8. Bd3 e5 9. dxe5 Nxe5 10. Nxe5 Bxe5 11. Bxe5 Qxe5 12. Nf3 Qe7 13. h3 Ne4 14. Qa4 Nc5 15. Qd4 Nxd3+ 16. Qxd3 0-0 17. 0-0 Re8 18. Rfe1 Qf6 19. Kh2 Bf5 20. Qd4 Qd6+ 21. Qf4 Qxf4+ 22. exf4 f6 23. Rxe8+ Rxe8 24. Re1 Rxe1 25. Nxe1 Bb1 26. a3 Kf7 27. Nf3 Ke7 28. g4 Kd6 29. g5 a5 30. h4 Be4 31. Nd2 Bf5 32. Kg3 c5 33. Kf3 Bc2 34. Ke3 Ke6 35. f3 Kf5 36. Nf1 g6 37. Ng3+ Ke6 38. h5 fxg5 39. fxg5 gxh5 40. Nxh5 Bg6 41. Nf4+ Ke5 42. Ne2 Kf5 43. f4 Kg4 44. b4 axb4 45. axb4 b6 46. bxc5 bxc5 47. Kf2 Bd3 48. Nc1 Bc4 49. Ke3 Kf5 50. Kf3 d4 51. cxd4 cxd4 52. Kg3 d3 53. Nxd3 Bxd3 54. Kf3 Bc2 55. Kg3 Bd1 56. Kh4 Kxf4 57. Kh3 Kxg5 58. Kg3 Bg4 0-1

[Event "BRA-ch North-Northeast U1800"]
[Site "Fortaleza"]
[Date "2019.04.27"]
[Round "3.5"]
[White "Nunes, Moezio Correia"]
[Black "Passos Coutinho, Eduardo"]
[Result "1-0"]
[WhiteElo "1736"]
[BlackElo "1688"]
[PlyCount "53"]
[EventDate "2019.04.26"]
[EventType "swiss"]
[EventRounds "6"]
[EventCountry "BRA"]
[SourceTitle "EXT 2022"]
[Source "ChessBase"]
[SourceDate "2021.10.06"]
[SourceVersion "1"]
[SourceVersionDate "2021.10.06"]
[SourceQuality "1"]

1. e4 c5 2. b4 cxb4 3. d4 d5 4. e5 Nc6 5. a3 Qb6 6. Nf3 Bg4 7. Be3 e6 8. axb4 Bxb4+ 9. c3 Ba5 10. Bd3 Nge7 11. 0-0 Bf5 12. h4 Rc8 13. Ra3 Bxd3 14. Qxd3 Nf5 15. Nbd2 Qc7 16. g4 Nxe3 17. fxe3 Ne7 18. Ng5 f6 19. Nxe6 Qd7 20. Nxg7+ Kf8 21. e6 Qd6 22. Nh5 Qxa3 23. Rxf6+ Ke8 24. Qb5+ Rc6 25. Qxb7 Bc7 26. Qa8+ Nc8 27. Qxc6+ 1-0

[Event "Recife Akasaka Cup 7th"]
[Site "Recife"]
[Date "2019.04.13"]
[Round "4"]
[White "Passos Coutinho, Eduardo"]
[Black "Rocha, Leonardo Vinicius G"]
[Result "1/2-1/2"]
[WhiteElo "1688"]
[BlackElo "1610"]
[PlyCount "69"]
[EventDate "2019.04.12"]
[EventType "swiss"]
[EventRounds "6"]
[EventCountry "BRA"]
[SourceTitle "CBM 189 Extra"]
[Source "ChessBase"]
[SourceDate "2019.06.03"]
[SourceVersion "1"]
[SourceVersionDate "2019.06.03"]
[SourceQuality "1"]

1. Nf3 d5 2. g3 Nf6 3. Bg2 e6 4. 0-0 Be7 5. d3 0-0 6. Nbd2 c5 7. Re1 Nbd7 8. e4 dxe4 9. dxe4 e5 10. Nc4 Qc7 11. a4 Re8 12. a5 Bf8 13. b3 Nb8 14. Bg5 Nc6 15. Bxf6 gxf6 16. c3 Bg4 17. h3 Rad8 18. Qe2 Bh5 19. g4 Bg6 20. Nh4 Rd7 21. Qf3 Red8 22. Bf1 Bg7 23. Nf5 Bxf5 24. gxf5 Kh8 25. Qh5 Rg8 26. Kh1 b5 27. axb6 axb6 28. Ne3 Na5 29. Nd5 Qd8 30. Bc4 Rb7 31. Rg1 b5 32. Be2 c4 33. b4 Nc6 34. Ra6 Nb8 35. Raa1 1/2-1/2

[Event "BRA-ch Amateur U1800"]
[Site "Sao Paulo"]
[Date "2018.06.01"]
[Round "3"]
[White "Pereira Fo, Hildebrando Apolon"]
[Black "Passos Coutinho, Eduardo"]
[Result "1-0"]
[WhiteElo "1601"]
[BlackElo "1708"]
[PlyCount "51"]
[EventDate "2018.05.31"]
[EventType "swiss"]
[EventRounds "7"]
[EventCountry "BRA"]
[SourceTitle "EXT 2021"]
[Source "ChessBase"]
[SourceDate "2020.10.23"]
[SourceVersion "1"]
[SourceVersionDate "2020.10.23"]
[SourceQuality "1"]

1. c4 c5 2. Nc3 Nc6 3. Nf3 g6 4. e3 Bg7 5. Be2 e6 6. a3 Nge7 7. Qc2 0-0 8. 0-0 a6 9. b3 Rb8 10. Bb2 d6 11. Rad1 Bd7 12. d4 cxd4 13. Nxd4 Qc7 14. Nf3 Rfc8 15. Ne4 d5 16. Nf6+ Kh8 17. Ng5 Bxf6 18. Bxf6+ Kg8 19. Nf3 h6 20. Bb2 Kh7 21. cxd5 Nxd5 22. Ne5 Be8 23. Ng4 Qe7 24. Qd2 Rd8 25. e4 h5 26. Qh6+ 1-0

[Event "Florianopolis op 4th"]
[Site "Florianopolis"]
[Date "2018.01.21"]
[Round "4"]
[White "Camara, Terbio Jose"]
[Black "Passos Coutinho, Eduardo"]
[Result "1-0"]
[WhiteElo "2077"]
[BlackElo "1687"]
[PlyCount "125"]
[EventDate "2018.01.19"]
[EventType "swiss"]
[EventRounds "10"]
[EventCountry "BRA"]
[SourceTitle "EXT 2019"]
[Source "ChessBase"]
[SourceDate "2018.10.10"]
[SourceVersion "1"]
[SourceVersionDate "2018.10.10"]
[SourceQuality "1"]

1. e4 e5 2. Nf3 Nc6 3. Bb5 a6 4. Ba4 Nf6 5. 0-0 b5 6. Bb3 Be7 7. Re1 d6 8. c3 0-0 9. h3 Na5 10. Bc2 c5 11. d3 Re8 12. Nbd2 Bf8 13. Nf1 g6 14. Ng3 Bg7 15. a4 Bb7 16. b4 cxb4 17. cxb4 Nc6 18. Rb1 d5 19. Bg5 h6 20. exd5 Qxd5 21. Bxf6 Bxf6 22. Ne4 Bg7 23. Bb3 Qd8 24. Nc5 Bc8 25. Qd2 Bf5 26. g4 Bc8 27. Qa2 Re7 28. axb5 Nxb4 29. Bxf7+ Rxf7 30. Rxb4 Qd6 31. d4 exd4 32. Re8+ Bf8 33. Ne5 Qf6 34. Rxf8+ Kxf8 35. Qxf7+ Qxf7 36. Nxf7 Kxf7 37. b6 Rb8 38. b7 Bxb7 39. Nxa6 Bxa6 40. Rxb8 d3 41. Rd8 Ke7 42. Rd4 Ke6 43. f3 Ke5 44. Rd8 Kf4 45. Kf2 Kg5 46. Kg3 h5 47. Rd4 Kh6 48. gxh5 d2 49. Rxd2 Kxh5 50. Rd6 Bc8 51. Rd8 Bf5 52. h4 Kh6 53. Kf4 Bc2 54. Rc8 Bb1 55. Rh8+ Kg7 56. Rb8 Bc2 57. Kg5 Bd3 58. Rb7+ Kf8 59. Kf6 Ke8 60. Re7+ Kf8 61. Rd7 Bb5 62. Rd8+ Be8 63. Rc8 1-0

[Event "Florianopolis op 4th"]
[Site "Florianopolis"]
[Date "2018.01.19"]
[Round "1"]
[White "Brienza, Amalio Coelho"]
[Black "Passos Coutinho, Eduardo"]
[Result "1-0"]
[WhiteElo "1859"]
[BlackElo "1687"]
[PlyCount "69"]
[EventDate "2018.01.19"]
[EventType "swiss"]
[EventRounds "10"]
[EventCountry "BRA"]
[SourceTitle "CBM 182 Extra"]
[Source "ChessBase"]
[SourceDate "2018.02.23"]
[SourceVersion "1"]
[SourceVersionDate "2018.02.23"]
[SourceQuality "1"]

1. d4 Nf6 2. c4 e6 3. Nf3 b6 4. g3 Bb7 5. Bg2 Bb4+ 6. Bd2 Qe7 7. 0-0 0-0 8. Nc3 d5 9. Ne5 Nbd7 10. cxd5 exd5 11. Nd3 Bxc3 12. Bxc3 Rfe8 13. e3 Ne4 14. Rc1 a5 15. Qc2 Ndf6 16. Rfe1 c5 17. dxc5 Nxc3 18. Qxc3 Ne4 19. Qd4 bxc5 20. Nxc5 Rac8 21. Nxb7 Qxb7 22. Bh3 Rxc1 23. Rxc1 Ng5 24. Bg2 Ne4 25. b3 Qb5 26. Bxe4 dxe4 27. Rc4 Qf5 28. Qc5 Qg4 29. Qd5 g6 30. Rc7 Re6 31. h4 Rf6 32. Qd8+ Kg7 33. Rc8 Rf3 34. Qf8+ Kf6 35. Rc6+ 1-0

[Event "BRA-ch Amateur U1800"]
[Site "Sao Paulo"]
[Date "2017.10.14"]
[Round "6"]
[White "Passos Coutinho, Eduardo"]
[Black "Gomes, Carlos"]
[Result "0-1"]
[WhiteElo "1764"]
[BlackElo "1604"]
[PlyCount "56"]
[EventDate "2017.10.12"]
[EventType "swiss"]
[EventRounds "7"]
[EventCountry "BRA"]
[SourceTitle "EXT 2022"]
[Source "ChessBase"]
[SourceDate "2021.10.06"]
[SourceVersion "1"]
[SourceVersionDate "2021.10.06"]
[SourceQuality "1"]

1. e4 c5 2. Nf3 d6 3. d4 cxd4 4. Nxd4 Nf6 5. Nc3 a6 6. Bg5 e6 7. f4 Be7 8. Qf3 Qc7 9. 0-0-0 Bd7 10. Bd3 Nc6 11. Nxc6 Bxc6 12. Qh3 0-0-0 13. Rhe1 Kb8 14. f5 e5 15. Be3 d5 16. exd5 Nxd5 17. Nxd5 Bxd5 18. Kb1 Qa5 19. b3 Bb4 20. Rf1 Bc3 21. Bc1 Rc8 22. Qe3 Bd4 23. Qd2 Rc3 24. Bb2 Rhc8 25. Bxc3 Rxc3 26. g4 Bxb3 27. cxb3 Rxb3+ 28. Kc1 Qa3+ 0-1

[Event "BRA-ch Amateur U1800"]
[Site "Sao Paulo"]
[Date "2017.10.12"]
[Round "1"]
[White "Sanchez, Ivan Roberto"]
[Black "Passos Coutinho, Eduardo"]
[Result "1-0"]
[WhiteElo "1652"]
[BlackElo "1764"]
[PlyCount "111"]
[EventDate "2017.10.12"]
[EventType "swiss"]
[EventRounds "7"]
[EventCountry "BRA"]
[SourceTitle "EXT 2022"]
[Source "ChessBase"]
[SourceDate "2021.10.06"]
[SourceVersion "1"]
[SourceVersionDate "2021.10.06"]
[SourceQuality "1"]

1. e4 c5 2. Nf3 d6 3. d4 cxd4 4. Nxd4 g6 5. c4 Bg7 6. Nc3 Nf6 7. Be2 0-0 8. Be3 Nc6 9. f3 Bd7 10. 0-0 Rc8 11. Rc1 Ne5 12. b3 h6 13. Na4 b6 14. Nb5 Nc6 15. Qd2 Kh7 16. Nxa7 Rb8 17. Nxc6 Bxc6 18. Nc3 Nd7 19. Bd4 Nc5 20. Bxg7 Kxg7 21. Nd5 Qd7 22. Bd1 Rfd8 23. Bc2 b5 24. Ne3 Qa7 25. b4 Ne6 26. Bb3 Nd4 27. Rfd1 e5 28. Kh1 bxc4 29. Bxc4 Ba4 30. Re1 Rdc8 31. Bd5 Bb5 32. Rxc8 Rxc8 33. f4 f6 34. fxe5 dxe5 35. Rc1 Rc7 36. Rxc7+ Qxc7 37. Qb2 h5 38. h3 Ne2 39. Qc2 Qxc2 40. Nxc2 Bd3 41. Na3 Ng3+ 42. Kh2 Nxe4 43. b5 Nc5 44. Nc4 Bxc4 45. Bxc4 e4 46. b6 Nd7 47. b7 Kf8 48. a4 Ke7 49. a5 Nb8 50. Kg3 Kd6 51. a6 Nxa6 52. Bxa6 Kc7 53. Kf4 f5 54. Kg5 Kb8 55. Kxg6 f4 56. Kxh5 1-0

[Event "Recife Arraes Memorial 10th"]
[Site "Recife"]
[Date "2017.10.08"]
[Round "5"]
[White "Passos Coutinho, Eduardo"]
[Black "Lima, Luiz Alexandre de S"]
[Result "0-1"]
[WhiteElo "1764"]
[BlackElo "1889"]
[PlyCount "64"]
[EventDate "2017.10.06"]
[EventType "swiss"]
[EventRounds "6"]
[EventCountry "BRA"]
[SourceTitle "CBM 181 Extra"]
[Source "ChessBase"]
[SourceDate "2017.12.12"]
[SourceVersion "1"]
[SourceVersionDate "2017.12.12"]
[SourceQuality "1"]

1. c4 e5 2. Nc3 Nc6 3. g3 Bc5 4. Bg2 Nge7 5. Nf3 d6 6. 0-0 0-0 7. a3 a6 8. b4 Ba7 9. d3 f5 10. e3 Ng6 11. Nd5 Nce7 12. Ng5 c6 13. Nc3 f4 14. Nce4 Nf5 15. Qh5 Nh6 16. Bh3 Bxh3 17. Qxh3 Re8 18. exf4 exf4 19. gxf4 Bd4 20. Rb1 d5 21. Ne6 Qd7 22. N4g5 Bf6 23. cxd5 cxd5 24. f5 Ne7 25. Bb2 Bxb2 26. Rxb2 Nexf5 27. Nd4 Qe7 28. Nge6 Nxd4 29. Nxd4 Qg5+ 30. Qg3 Qf6 31. Re2 Qxd4 32. Rxe8+ Rxe8 0-1

[Event "Sao Paulo op-B U2050 6th"]
[Site "Sao Paulo"]
[Date "2017.04.16"]
[Round "5"]
[White "Passos Coutinho, Eduardo"]
[Black "Schmidt, Guilherme Machado L"]
[Result "1-0"]
[WhiteElo "1779"]
[BlackElo "1531"]
[PlyCount "77"]
[EventDate "2017.04.14"]
[EventType "swiss"]
[EventRounds "6"]
[EventCountry "BRA"]
[SourceTitle "EXT 2019"]
[Source "ChessBase"]
[SourceDate "2018.10.10"]
[SourceVersion "1"]
[SourceVersionDate "2018.10.10"]
[SourceQuality "1"]

1. e4 c5 2. Nf3 d6 3. d4 cxd4 4. Nxd4 Nf6 5. Nc3 e6 6. Bg5 Be7 7. f4 0-0 8. Qf3 e5 9. Nf5 Bxf5 10. exf5 Nc6 11. 0-0-0 Qa5 12. Bc4 Qb4 13. Bb3 Nd4 14. Qd3 Rfc8 15. Kb1 Rc5 16. Rhe1 Rac8 17. Rd2 a5 18. a3 Qb6 19. Na4 Qb5 20. Nxc5 Qxc5 21. Qc3 Qxc3 22. bxc3 Rxc3 23. Kb2 Rc5 24. fxe5 dxe5 25. Rxd4 exd4 26. Rxe7 Rxf5 27. Bxf6 gxf6 28. Rxf7 Kh8 29. Rxb7 Rf2 30. Rb8+ Kg7 31. Rg8+ Kh6 32. Bc4 a4 33. Rg3 f5 34. Bd5 f4 35. Rd3 Kg5 36. Rxd4 h5 37. Rxa4 h4 38. h3 Rd2 39. Bf3 1-0

[Event "Belem FEXPA op 1st"]
[Site "Belem"]
[Date "2017.02.05"]
[Round "5"]
[White "Passos Coutinho, Eduardo"]
[Black "Soeiro, Allany Caroline da"]
[Result "1-0"]
[WhiteElo "1786"]
[BlackElo "1800"]
[PlyCount "85"]
[EventDate "2017.02.03"]
[EventType "swiss"]
[EventRounds "6"]
[EventCountry "BRA"]
[SourceTitle "CBM 176 Extra"]
[Source "ChessBase"]
[SourceDate "2017.03.02"]
[SourceVersion "1"]
[SourceVersionDate "2017.03.02"]
[SourceQuality "1"]

1. e4 c5 2. Nf3 Nc6 3. d4 cxd4 4. Nxd4 d6 5. Nc3 Nf6 6. Be2 Nxd4 7. Qxd4 e5 8. Qb4 Be7 9. 0-0 0-0 10. Nd5 a5 11. Nxe7+ Qxe7 12. Qc4 Be6 13. Qd3 Rfd8 14. Bg5 d5 15. exd5 Rxd5 16. Qe3 Bf5 17. c4 Rd4 18. Rad1 Re4 19. Qd2 Rd4 20. Qc3 Qe6 21. Be3 Rh4 22. f3 h6 23. Bf2 Ne4 24. fxe4 Rxe4 25. Bd3 Rg4 26. Bxf5 Qxf5 27. Bg3 Qg5 28. Qf3 f6 29. Qxb7 Rf8 30. Qb6 h5 31. Qc6 h4 32. Qd5+ Kh7 33. Bxe5 Qe3+ 34. Kh1 Rg5 35. Rde1 fxe5 36. Qd1 Rxf1+ 37. Rxf1 Qe4 38. Qb1 Qxb1 39. Rxb1 Rf5 40. Kg1 e4 41. Rf1 Rg5 42. Rf4 h3 43. Rh4+ 1-0

[Event "BRA-ch Amateur U2000"]
[Site "Sao Paulo"]
[Date "2016.05.27"]
[Round "3"]
[White "Passos Coutinho, Eduardo"]
[Black "Filgueiras, Nathan Felipe"]
[Result "0-1"]
[WhiteElo "1790"]
[BlackElo "1838"]
[PlyCount "136"]
[EventDate "2016.05.26"]
[EventType "swiss"]
[EventRounds "7"]
[EventCountry "BRA"]
[SourceTitle "EXT 2019"]
[Source "ChessBase"]
[SourceDate "2018.10.10"]
[SourceVersion "1"]
[SourceVersionDate "2018.10.10"]
[SourceQuality "1"]

1. e4 c5 2. Nf3 Nc6 3. d4 cxd4 4. Nxd4 e5 5. Nb5 d6 6. c4 Be7 7. N1c3 a6 8. Na3 Be6 9. Be2 Bg5 10. 0-0 Bxc1 11. Rxc1 Nf6 12. Nc2 0-0 13. Qd2 Qe7 14. Rfd1 Rfd8 15. Ne3 Nd4 16. Ned5 Bxd5 17. Nxd5 Nxd5 18. cxd5 Qd7 19. b3 Rac8 20. h3 g6 21. Kf1 f5 22. exf5 gxf5 23. Qg5+ Qg7 24. Qxg7+ Kxg7 25. g4 Kf6 26. gxf5 Nxe2 27. Kxe2 Kxf5 28. Ke3 Rg8 29. Rc4 b5 30. Rc6 Rxc6 31. dxc6 Ke6 32. Ke4 Rc8 33. f4 exf4 34. Kxf4 Rxc6 35. Re1+ Kf6 36. Rd1 Rb6 37. Rc1 b4 38. Rc7 h5 39. Ke4 Ke6 40. Rh7 Rb5 41. Kd4 a5 42. Rh6+ Kd7 43. Rg6 Rf5 44. Ke3 Kc6 45. h4 Kd5 46. Rg7 Ke6 47. Rg6+ Ke7 48. Rg7+ Kf6 49. Ra7 Rc5 50. Ra6 Ke5 51. Kd2 Rd5+ 52. Ke3 Kf5 53. Rc6 Kg4 54. Rc4+ Kg3 55. Ke2 Rc5 56. Rd4 Rc2+ 57. Kd3 Rxa2 58. Rxd6 Kxh4 59. Kc4 Kg3 60. Rg6+ Kh3 61. Rg5 h4 62. Kb5 Kh2 63. Rh5 h3 64. Rg5 Rg2 65. Rh5 Rg3 66. Ka4 Kg2 67. Rxa5 h2 68. Rh5 Rg4 0-1